000 00604nam a22002057a 4500
999 _c15212
_d15212
003 MIRAKIL
005 20230424152129.0
008 230424b tu ||||| |||| 00| 0 tur d
020 _a9789756959459
040 _aTR-AnCHP
_cTR-AnCHP
041 _atur
082 _a330.942
_bS39s 2011
100 _aSezgin, Candan
245 1 0 _aSanayi Devrimi'nin etkisinde imparatorluk'tan cumhuriyet'e Türkiye /
_cCandan Sezgin.
260 _aİstanbul;
_b[yayl.y.],
_c2011.
300 _a447 s.:
_bfotg.;
_c30 sm.
504 _akaynakça vardır.
650 0 _97390
_aSanayi
_xTarih
_zTürkiye
942 _2ddc
_cBKS